Imagen repetida de múltiples septiembres /
Αποθηκεύτηκε σε:
| Κύριος συγγραφέας: | |
|---|---|
| Μορφή: | Άγνωστο |
| Γλώσσα: | Spanish |
| Έκδοση: |
Santo Domingo, República Dominicana :
Biblioteca Nacional,
1986.
|
| Θέματα: | |
| Ετικέτες: |
Προσθήκη ετικέτας
Δεν υπάρχουν, Καταχωρήστε ετικέτα πρώτοι!
|
MARC
| LEADER | 000000000a22000000004500 | ||
|---|---|---|---|
| 001 | 008625 | ||
| 041 | 0 | |a spa | |
| 082 | 0 | 4 | |a RD861.44 |b R758i |
| 100 | 1 | |a Román, Sabrina, |d 1956- | |
| 245 | 1 | 0 | |a Imagen repetida de múltiples septiembres / |c Sabrina Román. |
| 260 | 1 | |a Santo Domingo, República Dominicana : |b Biblioteca Nacional, |c 1986. | |
| 300 | |a 103 páginas : |b ilustraciones | ||
| 650 | 4 | |a LITERATURA DOMINICANA | |
| 650 | 4 | |a POESIA | |
| 999 | |c 14179 |d 14179 | ||
| 942 | |c BK |h RD861.44 R758i |2 z | ||
